| 000 | 00647nam a2200217 a 4500 | ||
|---|---|---|---|
| 003 | OSt | ||
| 005 | 20150302184828.0 | ||
| 008 | 020226s1998 esp j 000 0 spa d | ||
| 020 | _a84-348-4803-1 | ||
| 040 | _cBMC | ||
| 082 | _a808.068083 | ||
| 100 | 1 |
_aQuarzo, Guido _930712 |
|
| 245 | 1 | 0 |
_aQuién encuentra un pirata, encuentra un tesoro _cGuido Quarzo ; traducción del italiano, Rosa Huguet |
| 250 | _a3ª ed | ||
| 260 |
_aMadrid _bSM _cD.L. 1998 |
||
| 300 |
_a109 p. _bil. _c19 cm |
||
| 490 | 0 |
_aEl barco de vapor _aA partir de 9 años... _v97 |
|
| 650 | 2 | 4 |
_929811 _aCuentos infantiles |
| 700 | 1 |
_aHuguet, Rosa _930708 |
|
| 942 |
_2ddc _cBK |
||
| 999 |
_c17821 _d17821 |
||